00777nam a2200217 i 4500001000700000003000900007005001700016007000300033008004100036100003000077245007700107260007800184300003800262490001200300600003800312700002900350830002000379852002100399999001900420952012000439109323ES-MaACL20240205165151.0t|061121s1933 fr r ||||1| fre d1 aOlivier, Fernande.98688910aPicasso et ses amis / cFernande Olivier ; préface de Paul Léautand. aParís : bStock : bDelamian et Boutellau, c1933 (fLagny : E. Grevin) aXVI, 237 p., 16 lám. ; c19 cm.1 aAtelier14aPicasso, Pablo,d1881-19739917941 aLéautand, Paul.9709900 aAtelier9232975 aES-MaACLjA-2286 c109323d109323 00104070aATENEOMbATENEOMcSPP1d2008-01-17eSCl0oA-2286p1114070r2023-02-23 00:00:00w2023-02-23yMONOGRAFIA